Rumah tradisional Negeri Sembilan : satu analisis seni bina Melayu

Bibliographic Details
Main Author: YAAKUB Idrus
Format: Book
Published: Shah Alam : Fajar Bakti , 1996
Subjects:

MARC

LEADER 00000cam a2200000 7i4500
001 0000000029
005 20011124.0
020 0 0 |a 9676535850 
090 0 0 |a 728.09595117   |b YAA 1996 
100 0 0 |a YAAKUB Idrus 
245 1 0 |a Rumah tradisional Negeri Sembilan :   |b satu analisis seni bina Melayu   |c Yaakub Idrus 
260 0 0 |a Shah Alam :   |b Fajar Bakti ,   |c 1996 
300 |a xi, 201 p. :   |b ill., plates (some col.) ;   |c 24 cm. 
500 0 0 |a Biliography [p. 193-197] and index 
650 0 0 |a Architecture and society   |z Negeri Sembilan 
650 0 0 |a Architecture, Domestic   |x Design and plans   |z Negeri Sembilan 
650 0 0 |a Architecture, Domestic   |z Negeri Sembilan 
998 |a JPSM 
999 |a 0000001212   |b Monograph   |c Open Shelf   |e Default branch